|
|
|
|
| LEADER |
00653nab a2200157 i 4500 |
| 001 |
delm87169 |
| 005 |
20191009091529.0 |
| 008 |
191009s1995 hu o 0|| hun d |
| 040 |
|
|
|a SZTE Délmagyarország Archívum
|b hun
|
| 041 |
|
|
|a hun
|
| 100 |
1 |
|
|a Rácz Judit, N.
|
| 245 |
1 |
0 |
|a Ópusztaszer és a millecentenárium
|h [elektronikus dokumentum] :
|b a Szer monostora és kora című régészeti kiállítás /
|c Rácz Judit, N.
|
| 260 |
|
|
|c 1995-11-03
|
| 300 |
|
|
|a 1, 3
|
| 490 |
0 |
|
|a Délmagyarország
|v 85 No. 258
|
| 695 |
|
|
|a Ópusztaszer, Nemzeti Történeti Emlékpark (Ópusztaszer), Régészet kiállítás Ópusztaszer, Szer monostora és kora (1995) (Ópusztaszer)
|